Score 0/40 Timer 06:00
2 Plays Today
Hint Answer % Correct
Forrest ___Gump
96.6%
Saving Private ___Ryan
96%
Stuart ___Little
94.1%
The Curious Case of Benjamin ___Button
93.8%
Ace ___: Pet DetectiveVentura
93.7%
Good Will ___Hunting
92.3%
The Diary of Anne ___Frank
92.2%
The ___ UltimatumBourne
91.8%
Austin ___ in GoldmemberPowers
91.3%
Lara ___: Tomb RaiderCroft
87.9%
Edward ___Scissorhands
86.4%
Napoleon ___Dynamite
85.4%
Citizen ___Kane
83.1%
Meet the ___Fockers
81.6%
Oliver ___Twist
78.7%
Jerry ___Maguire
77.6%
Agent Cody ___Banks
74.8%
Erin ___Brockovich
74.7%
The Talented Mr. ___Ripley
71.6%
The Picture of Dorian ___Gray
71.5%
Hint Answer % Correct
Being John ___Malkovich
71.1%
The Thomas ___ AffairCrown
69.8%
The Exorcism of Emily ___Rose
66.5%
Anchorman: The Legend of Ron ___Burgundy
65.6%
The Big ___Lebowski
61.8%
Annie ___Hall
58.8%
Deuce ___: Male GigoloBigalow
50%
The Outlaw Josey ___Wales
49.3%
Mary ___Poppins
35.6%
Mildred ___Pierce
35.5%
Goodbye, Mr. ___Chips
33.9%
Michael ___Clayton
32%
The Imaginarium of Doctor ___Parnassus
29.9%
Tom ___Jones
28.5%
Johnny ___ RebornEnglish
26.7%
Elmer ___Gantry
22.5%
Mr. ___ Goes to TownDeeds
18.8%
Beau ___Geste
16.9%
Barry ___Lyndon
14.3%
Here Comes Mr. ___Jordan
7.7%

Today's Daily Dose

You're not logged in!

Compare scores with friends on all Sporcle quizzes.
OR
Log In

Sporcle TV

Today on Sporcle TV


Watch our educational content, quiz creation guides, and fun videos on Sporcle TV.

Show Comments

Extras

Top Quizzes Today


Score Distribution

Paid Content

Your Account Isn't Verified!

In order to create a playlist on Sporcle, you need to verify the email address you used during registration. Go to your Sporcle Settings to finish the process.

Report this User

Report this user for behavior that violates our Community Guidelines.

Details: